000 01196cam a22002771i 4500
003 SA-RiAUC
005 20260113112750.0
008 250315s1994 le g b 001 0bara c
040 _aKAPL
_bara
_cSA-RiAUC
_erda
082 0 4 _a012
_qSA-RiAUC
090 _a012
_bو ر ا
100 1 _aالوراكلي، حسن،
_d1941-
_eمؤلف.
245 1 0 _aأبو الفضل القاضي عياض السبتي :
_bثبت ببليوجرافي /
_cحسن الوراكلي.
250 _aالطبعة الأولى.
264 1 _aبيروت :
_bدار الغرب الإسلامي،
_c1994
300 _a157 صفحة ؛
_c24 × 17 سم
336 _aنص
_btxt
_2rdacontent
_3كتاب
337 _aبدون وسيط
_bn
_2rdamedia
338 _aمجلد
_bnc
_2rdacarrier
500 _aيشتمل على كشافات.
500 _aاهداء من المؤلف حسن الوراكلي الى الشيخ رحمه الله بتاريخ 3 / 2 1417 هـ
600 1 7 _aالقاضي عياض، عياض بن موسى بن عياض،
_d476-544 هجريا
_vببليوجرافيات
_2aucnm
650 7 _aالببليوجرافيات
_2aucsh
942 _2ddc
_cBOOK
_n0
949 _aSA-JeALM
_d250315
_umohamedma123
_n1
999 _c6624
_d6624